Fr. Conceicao Rodrigues College of Engineering

Automatic control systems including MATLAB (Record no. 30562)

MARC details
000 -LEADER
fixed length control field 00334nam a2200145Ia 4500
082 ## - DEWEY DECIMAL CLASSIFICATION NUMBER
Classification number 629.8
Item number PAL
100 ## - MAIN ENTRY--PERSONAL NAME
Personal name Palani/S/ Jairath/A.K
245 ## - TITLE STATEMENT
Title Automatic control systems including MATLAB
260 ## - PUBLICATION, DISTRIBUTION, ETC.
Name of publisher, distributor, etc. Ane Books
Date of publication, distribution, etc. 2013
366 ## - TRADE AVAILABILITY INFORMATION
Publishers's discount category 20
546 ## - LANGUAGE NOTE
Language note ENGLISH
-- Info.Tech
650 ## - SUBJECT ADDED ENTRY--TOPICAL TERM
Topical term or geographic name entry element Control system
942 ## - ADDED ENTRY ELEMENTS (KOHA)
Koha item type BOOK
Holdings
Withdrawn status Lost status Damaged status Not for loan Collection Home library Current library Date acquired Source of acquisition Cost, normal purchase price Inventory number Total Checkouts Full call number Barcode Date last seen Cost, replacement price Price effective from Koha item type
        CRC Fr. Agnel's C.Rodrigues College of Engineering Fr. Agnel's C.Rodrigues College of Engineering 17/03/2023 Ane Books India 316.00 11 dt 22/05/2013   629.8 PAL 22621 17/03/2023 395.00   BOOK